000
00353nam a2200133Ia 4500
008
100328s9999 xx 000 0 und d
082
_b
32542
100
_a
थोरे अशोक
245
_a
ललाट रेषा
260
_b
राहुल
630
_a
ललाट रेषा
730
_a
ललाट रेषा
942
_c
BOOK
999
_c
523314
_d
523311